| 000 | 00738nam a2200205 a 4500 | ||
|---|---|---|---|
| 003 | 0 | ||
| 005 | 20250407100654.0 | ||
| 008 | 050809s19uu xx 00 eng d | ||
| 050 |
_aPGS GV 1029.5 _b.P222 2005 |
||
| 100 | _aParadero, Joshua Benjamin Casilao. | ||
| 245 |
_aBenefits and risks of drag racing / _cJoshua Benjamin Casilao Paradero. |
||
| 260 |
_aLas PiƱas City, Philippines : _bSouthville International School and Colleges, _c2005. |
||
| 300 |
_a30 pages : _billustrations ; _c28 cm. |
||
| 504 | _aIncludes bibliographical references. | ||
| 650 | _aDrag racing. | ||
| 650 |
_a Automobile racing _vSafety measures. |
||
| 650 |
_aMotorsports _vSocial aspects. |
||
| 650 | _aRisk-taking (Psychology). | ||
| 942 |
_2lcc _cPASS |
||
| 999 |
_c97411 _d97411 |
||